000 00966nam a2200265 i 4500
001 18742
003 ES-MaACL
005 20250819164301.0
007 t|
008 020312s2000 sp ||||1| spa d
080 _a929 Azaña, Manuel
080 _a946.0"1931/39"
245 0 0 _aAzaña y los otros /
_cAngeles Egido León (ed.).
260 _aMadrid :
_bCentro de Investigación y Estudios Republicanos,
_c2000.
300 _a236 p. ;
_c24 cm.
490 1 _aCuadernos republicanos
500 _3Número especial monográfico de la revista Cuadernos Republicanos, noviembre 2000.
600 1 4 _aAzaña, Manuel,
_d1880-1940
_924223
651 4 _aEspaña-
_xHistoria-
_y1931-1939, II República.
_98283
700 1 _aEgido León, María de los Angeles.
_946734
710 2 _aCentro de Investigación y Estudios Republicanos
_92704
830 0 0 _aCuadernos republicanos
_9120608
852 _aES-MaACL
_jL-25319
_bR.130387
999 _c18742
_d18742